000 00764nam a22002655i 4500
001 10942
003 ES-MaACL
005 20250721145128.0
007 t|
008 941114s1993 sp ||||0| spa j
020 _a84-7754-141-8
040 _aM-BN
_bspa
_cM-BN
080 _a551.5
100 1 _aBallester Cruelles, Miguel.
_925012
245 1 0 _aMeteorología o física del aire /
_cMiguel Ballester Cruelles.
250 _a1ª ed.
260 _aMadrid :
_bEUDEMA,
_c1993.
300 _a166 p ;
_c21 cm.
490 1 _aEUDEMA universidad. Textos de apoyo
500 _aIndice.
650 1 7 _aMeteorología
_2embne
_915017
830 0 _aEUDEMA universidad. Textos de apoyo
_9178862
852 _aES-MaACL
_jL-18274
_bR.121848
999 _c10942
_d10942